000 00580cam a22002053a 4500
001 45460
003 PGUSA
005 20140828084042.0
008 140423s2014||||xxu|||||s|||||000 | eng d
040 _aPGUSA
_beng
042 _adc
100 1 _aWegener, Alfred
245 1 0 _aDie Entstehung der Kontinente und Ozeane
_h[electronic resource] /
_cAlfred Wegener
260 _bProject Gutenberg,
_c2014
506 _aPublic domain in the USA.
516 _aElectronic text
830 0 _aProject Gutenberg
_v45460
856 4 0 _uhttp://www.gutenberg.org/ebooks/45460
942 _cEB
999 _c274711
_d274711